ラブライブ!μ'sのコーレス - Statistics

General Stats
  • This quiz has been taken 16 times
  • The average score is 7 of 10
Answer Stats
コール レスポンス % Correct
かしこい かわいい? エリーチカー!
100%
せーの! ファイトだよ!
88%
ダレカタスケテー! チョットマッテテー!
88%
それではみなさんご一緒に! にっこにっこに〜!
88%
真姫ちゃんかわいい〜? かきくけこ〜!
81%
ラブアローシュート〜!! うっ…!!
69%
凛ちゃんといえば? イエローだよ〜!
69%
希パワーた〜っぷり注入!は〜い!プシュッ! いただきましたー!!
63%
みんなでいっしょに にゃんにゃんにゃ〜ん
25%
大銀河宇宙 ナンバーワン!
13%
No matching quizzes found
Score Distribution
Percent of People with Each Score
Percentile by Number Answered
Your Score History
You have not taken this quiz